Statika stavebných konštrukcií

Salvato in:
Dettagli Bibliografici
Autore principale: Balažovjech, Vojtech (Autore)
Natura: Libro
Lingua:slovacco
Pubblicazione: Bratislava : SVŠT v Bratislave, 1976
Edizione:2.vyd.
Tags: Aggiungi Tag
Nessun Tag, puoi essere il primo ad aggiungerne!!

MARC

LEADER 00000nam a22000003a 4500
001 stu92457
005 20150617225622.2
008 050114s1976----cs------------------slo-d
040 |a STU  |b slo 
041 0 |a slo 
044 |a cs 
080 |a 624.041(075.8)  |7 stu_us_auth*stu4346 
100 1 |a Balažovjech, Vojtech  |4 aut 
245 1 |a Statika stavebných konštrukcií 
250 |a 2.vyd. 
260 |a Bratislava :  |b SVŠT v Bratislave,  |c 1976 
300 |a 313 s 
996 |b 284V024613  |c V*651/S-76  |l VVT  |s A  |a 24  |w stu92457_0001 
996 |b 284V024637  |c V*856/S-76  |l VVS  |s A  |a 24  |w stu92457_0002